| Tag |
First Indicator |
Second Indicator |
Subfields |
| LEADER |
00000cam a2200000 4500 |
| 001 |
in00000059372 |
| 005 |
20151007082409.0 |
| 008 |
720313s1943 eng u |
| 010 |
|
|
|a l 43000213
|
| 035 |
|
|
|a (OCoLC)00261634
|
| 035 |
|
|
|9 AAF7808AM
|
| 040 |
|
|
|c YNG
|d TXA
|d UtOrBLW
|
| 049 |
|
|
|a TXAM
|c [128500]
|
| 090 |
|
|
|a D802.A2
|b K8
|
| 092 |
|
|
|a 312.8
|b K96d
|
| 100 |
1 |
|
|a Kulischer, Eugene M.
|q (Eugene Michel),
|d 1881-1956.
|
| 245 |
1 |
4 |
|a The displacement of population in Europe /
|c by Eugene M. Kulischer.
|
| 264 |
|
1 |
|a Montreal, Can :
|b International labour office;
|a London :
|b P.S. King & Staples, ltd.,
|c 1943.
|
| 300 |
|
|
|a 171 pages :
|b 3 folded maps, tables (1 folded)
|
| 336 |
|
|
|a text
|b txt
|2 rdacontent
|
| 337 |
|
|
|a unmediated
|b n
|2 rdamedia
|
| 338 |
|
|
|a volume
|b nc
|2 rdacarrier
|
| 500 |
|
|
|a At head of title: International labour office.
|
| 504 |
|
|
|a Bibliographical foot-notes.
|
| 650 |
|
0 |
|a Migration, Internal
|z Europe.
|
| 650 |
|
0 |
|a World War, 1939-1945
|x Occupied territories.
|
| 650 |
|
0 |
|a Service, Compulsory non-military
|x Jews.
|
| 651 |
|
0 |
|a Europe
|x Population.
|
| 651 |
|
0 |
|a Germany
|x Population.
|
| 999 |
|
|
|a MARS
|
| 999 |
f |
f |
|s a2585be8-755f-3570-aca7-019eba0a25a7
|i 1d5be799-7e6a-3fbc-b93b-d0ec34476c59
|t 0
|
| 952 |
f |
f |
|p ric
|a Texas A&M University
|b Rellis Campus
|c Joint Library Facility
|d Remote Storage
|t 0
|e D802.A2 K8
|h Library of Congress classification
|i unmediated -- volume
|m A14800655608
|
| 998 |
f |
f |
|a D802.A2 K8
|t 0
|l Remote Storage
|